000 00292nam a22001337a 4500
008 181029b xxu||||| |||| 00| 0 eng d
020 _a9781582973944
041 _aeng
080 _285th
_a371
100 _a46
101 _aEDU
245 _aWriter's Market
_cBrogan,K.S
942 _2udc
_cBK
999 _c51032
_d51032